00429cam a22001571 4500008004100000100001800041245004500059260003200104300003400136504004100170500002000211650001300231003000100244005001700245040000900262 1 aWheeler, W.F.00aIntermediate biology /cby W. F. Wheeler aLondon :bHeinemann,c1956. axiv, 641 p. :bill. ;c23 cm. aIncludes bibliographical references. aIncludes index. 0aBiology.20230123122139.0 cNUST